[Event "Veroia op 1st"]
[Site "Veroia"]
[Date "2008.09.06"]
[Round "3.3"]
[White "Ntiloudi, Despina"]
[Black "Dobrev, Nanko"]
[Result "1/2-1/2"]
[WhiteElo "2039"]
[BlackElo "2423"]
[PlyCount "91"]
[EventDate "2008.09.04"]
[EventType "swiss"]
[EventRounds "7"]
[EventCountry "GRE"]
[SourceTitle "EXT 2024"]
[Source "ChessBase"]
[SourceDate "2023.10.10"]
[SourceVersion "1"]
[SourceVersionDate "2023.10.10"]
[SourceQuality "1"]

1. d4 d5 2. c4 e6 3. Nf3 Nf6 4. Bg5 Be7 5. e3 h6 6. Bh4 0-0 7. Nc3 b6 8. cxd5 Nxd5 9. Bxe7 Qxe7 10. Nxd5 exd5 11. Bd3 c5 12. 0-0 Be6 13. dxc5 bxc5 14. Rc1 Nd7 15. Qe2 Rfb8 16. e4 d4 17. e5 Bd5 18. Be4 Rxb2 19. Qxb2 Bxe4 20. Qe2 Bd5 21. Rfe1 Rb8 22. h3 Rb4 23. Rb1 Ra4 24. Qb5 Rxa2 25. Nxd4 Qh4 26. Ne2 Qg5 27. Ng3 Be6 28. Rbd1 a6 29. Qb7 Nf8 30. Qe4 Ng6 31. Rb1 c4 32. Qd4 Kh7 33. Ra1 Rd2 34. Qe3 Qxe3 35. Rxe3 Rd5 36. Rxa6 Nxe5 37. Ne2 Rd1+ 38. Kh2 Nd3 39. Kg3 Rd2 40. Rd6 Rb2 41. Nd4 Nxf2 42. Nxe6 fxe6 43. Rdxe6 Nd1 44. Re1 Rd2 45. Rc6 c3 46. Rxd1 1/2-1/2

[Event "Veroia op 1st"]
[Site "Veroia"]
[Date "2008.09.06"]
[Round "5.3"]
[White "Ntiloudi, Despina"]
[Black "Dounis, Alexandros"]
[Result "1/2-1/2"]
[WhiteElo "2039"]
[BlackElo "2162"]
[PlyCount "113"]
[EventDate "2008.09.04"]
[EventType "swiss"]
[EventRounds "7"]
[EventCountry "GRE"]
[SourceTitle "EXT 2024"]
[Source "ChessBase"]
[SourceDate "2023.10.10"]
[SourceVersion "1"]
[SourceVersionDate "2023.10.10"]
[SourceQuality "1"]

1. d4 Nf6 2. c4 g6 3. Nc3 d5 4. cxd5 Nxd5 5. e4 Nxc3 6. bxc3 Bg7 7. Be3 c5 8. Qd2 cxd4 9. cxd4 Nc6 10. Rd1 Bg4 11. Be2 Bxe2 12. Nxe2 0-0 13. 0-0 e6 14. d5 exd5 15. exd5 Ne5 16. Qb4 Qd7 17. Qb3 Rfe8 18. h3 b5 19. Nc3 a6 20. Bd4 Rac8 21. a4 Rc4 22. Kh1 Nf3 23. Nxb5 Nxd4 24. Qxc4 axb5 25. axb5 Nxb5 26. Rfe1 Nd4 27. Rxe8+ Qxe8 28. d6 Bf6 29. Qd5 Qe6 30. Qxe6 Nxe6 31. Rc1 Kf8 32. Rc8+ Bd8 33. Ra8 Ke8 34. g3 Nd4 35. Ra7 Nb5 36. d7+ Ke7 37. Rb7 Nc7 38. Kg2 Kxd7 39. Rb4 Nd5 40. Ra4 Be7 41. Ra7+ Ke6 42. Ra6+ Bd6 43. Kf3 Ke5 44. Ra7 Be7 45. Ra4 f5 46. Rc4 h5 47. Rc6 Nf6 48. Ra6 Bc5 49. Kg2 g5 50. f4+ gxf4 51. gxf4+ Kxf4 52. Rxf6 Be7 53. Rh6 Kg5 54. Rh7 Bb4 55. Rg7+ Kf6 56. Rb7 Be1 57. Rb5 1/2-1/2

[Event "Veroia op 1st"]
[Site "Veroia"]
[Date "2008.09.06"]
[Round "4.5"]
[White "Sidiropoulos, Nikolaos"]
[Black "Ntiloudi, Despina"]
[Result "0-1"]
[WhiteElo "1555"]
[BlackElo "2039"]
[PlyCount "46"]
[EventDate "2008.09.04"]
[EventType "swiss"]
[EventRounds "7"]
[EventCountry "GRE"]
[SourceTitle "EXT 2024"]
[Source "ChessBase"]
[SourceDate "2023.10.10"]
[SourceVersion "1"]
[SourceVersionDate "2023.10.10"]
[SourceQuality "1"]

1. d4 Nf6 2. c4 c5 3. d5 b5 4. cxb5 a6 5. bxa6 g6 6. Nc3 Bxa6 7. g3 d6 8. Bg2 Bg7 9. Nf3 Nbd7 10. 0-0 Nb6 11. Re1 0-0 12. e4 Ng4 13. h3 Ne5 14. Nxe5 Bxe5 15. Bh6 Re8 16. Rc1 Nc4 17. Rc2 Nxb2 18. Qf3 Qa5 19. Rb1 Nc4 20. Rb3 Reb8 21. Bc1 Bd4 22. Bf1 Rxb3 23. Bxc4 Rxc3 0-1

[Event "GRE-chT 36th"]
[Site "Kallithea"]
[Date "2008.07.09"]
[Round "5.1"]
[White "Ntiloudi, Despina"]
[Black "Nemcova, Katerina"]
[Result "1/2-1/2"]
[WhiteElo "2039"]
[BlackElo "2372"]
[PlyCount "183"]
[EventDate "2008.07.06"]
[EventType "team-tourn"]
[EventRounds "7"]
[EventCountry "GRE"]
[SourceTitle "CBM 125 Extra"]
[Source "ChessBase"]
[SourceDate "2008.09.01"]
[SourceVersion "1"]
[SourceVersionDate "2008.09.01"]
[SourceQuality "1"]

1. d4 Nf6 2. c4 g6 3. Nc3 d5 4. cxd5 Nxd5 5. e4 Nxc3 6. bxc3 Bg7 7. Be3 0-0 8. Qd2 c5 9. Nf3 Qa5 10. Rc1 cxd4 11. cxd4 Qxd2+ 12. Nxd2 Nc6 13. d5 Nb4 14. Bc5 Nxa2 15. Rc2 Nc3 16. Bb4 Bd7 17. Bxc3 Rfc8 18. Nb1 Rc7 19. g3 b5 20. Bd3 b4 21. Bxg7 Rxc2 22. Bxc2 Kxg7 23. Ke2 a5 24. Nd2 Rc8 25. Bd3 a4 26. Rb1 a3 27. Bc4 Rb8 28. Kd3 Ba4 29. Nb3 g5 30. Nc5 Be8 31. Na6 Rb6 32. Nxb4 g4 33. Kc3 Rh6 34. Ra1 Rxh2 35. Nd3 h5 36. Rxa3 h4 37. gxh4 f5 38. exf5 Rxh4 39. Ra7 Kf6 40. Nc5 Rh3+ 41. Kd4 Rh7 42. Ne4+ Kxf5 43. Nd6+ Kf4 44. Nxe8 e5+ 45. dxe6 Rxa7 46. Nd6 g3 47. fxg3+ Kxg3 48. e7 Rxe7 49. Nf5+ Kf4 50. Nxe7 Kg4 51. Ke4 Kg5 52. Nd5 Kg4 53. Be2+ Kg5 54. Ke5 Kg6 55. Bd3+ Kg5 56. Bf5 Kh5 57. Nc3 Kg5 58. Ne4+ Kh5 59. Kf6 Kh4 60. Be6 Kh5 61. Kf5 Kh6 62. Kf6 Kh5 63. Bd7 Kh4 64. Ke5 Kh5 65. Kf5 Kh6 66. Ng3 Kg7 67. Nh5+ Kh6 68. Be8 Kh7 69. Kf6 Kh6 70. Ng7 Kh7 71. Bg6+ Kg8 72. Nf5 Kf8 73. Ne3 Kg8 74. Nd5 Kh8 75. Bf5 Kg8 76. Ne7+ Kh8 77. Be6 Kh7 78. Ng6 Kh6 79. Bg8 Kh5 80. Ne5 Kh4 81. Kf5 Kg3 82. Bd5 Kf2 83. Ke4 Ke2 84. Nf3 Kd1 85. Kd3 Kc1 86. Bb3 Kb2 87. Bc2 Kc1 88. Nd4 Kb2 89. Kd2 Ka3 90. Kc3 Ka2 91. Nb3 Ka3 92. Bb1 1/2-1/2

[Event "Greek CC Unions op 2nd"]
[Site "Greece"]
[Date "2008.06.23"]
[Round "4"]
[White "Ntiloudi, Despina"]
[Black "Georgiadis, Alexandros"]
[Result "1-0"]
[WhiteElo "2039"]
[BlackElo "1944"]
[PlyCount "65"]
[EventDate "2008.06.21"]
[EventType "swiss"]
[EventRounds "7"]
[EventCountry "GRE"]
[SourceTitle "EXT 2010"]
[Source "ChessBase"]
[SourceDate "2010.11.25"]
[SourceVersion "1"]
[SourceVersionDate "2010.11.25"]
[SourceQuality "1"]

1. d4 d5 2. c4 c6 3. Nf3 Nf6 4. e3 g6 5. Nc3 Bg7 6. Bd3 0-0 7. Qc2 Be6 8. b3 Na6 9. a3 c5 10. 0-0 dxc4 11. bxc4 cxd4 12. Nxd4 Bc8 13. Be2 Nd7 14. Rd1 Nac5 15. Rb1 Be5 16. a4 a6 17. Ba3 Qe8 18. Nd5 f5 19. Nb3 b6 20. Nxb6 Nxb6 21. Nxc5 Nd7 22. Bf3 Ra7 23. Bd5+ Kh8 24. Ne6 Rg8 25. Bb2 Bxb2 26. Qxb2+ Nf6 27. Ng5 Rf8 28. Qb8 Qd7 29. Ne6 Re8 30. Qe5 Qd6 31. Qd4 Rd7 32. Rb6 Qa3 33. Ra1 1-0

[Event "EU-ch U16 Girls"]
[Site "Herceg Novi"]
[Date "2006.09.16"]
[Round "6"]
[White "Sobierska, Wioletta"]
[Black "Ntiloudi, Despina"]
[Result "1/2-1/2"]
[WhiteElo "2013"]
[BlackElo "1913"]
[PlyCount "58"]
[EventDate "2006.09.10"]
[EventType "swiss"]
[EventRounds "9"]
[EventCountry "MNE"]
[SourceTitle "CBM 114 Extra"]
[Source "ChessBase"]
[SourceDate "2006.11.03"]
[SourceVersion "1"]
[SourceVersionDate "2006.11.03"]
[SourceQuality "1"]

1. e4 c5 2. Nf3 Nc6 3. d4 cxd4 4. Nxd4 g6 5. Nc3 Bg7 6. Be3 Nf6 7. Be2 0-0 8. 0-0 d5 9. Nxc6 bxc6 10. e5 Nd7 11. f4 e6 12. Na4 Qa5 13. c4 Ba6 14. Bd2 Qd8 15. cxd5 Bxe2 16. Qxe2 cxd5 17. Kh1 Qe7 18. a3 Rfc8 19. Rac1 Qe8 20. Nc3 Bf8 21. Nb5 Nc5 22. b4 a6 23. bxc5 Qxb5 24. Qxb5 axb5 25. Bb4 Rc6 26. g4 Rac8 27. Rf2 Rd8 28. Kg2 d4 29. Kf3 Ra8 1/2-1/2

[Event "GRE-chT 35th"]
[Site "Ermioni Argolidas"]
[Date "2006.07.??"]
[Round "8"]
[White "Ntiloudi, Despina"]
[Black "Manelidou, Maria"]
[Result "1-0"]
[WhiteElo "1913"]
[BlackElo "1842"]
[PlyCount "45"]
[EventDate "2006.07.03"]
[EventType "team"]
[EventRounds "9"]
[EventCountry "GRE"]
[SourceTitle "CBM 113 Extra"]
[Source "ChessBase"]
[SourceDate "2006.09.14"]
[SourceVersion "1"]
[SourceVersionDate "2006.09.14"]
[SourceQuality "1"]

1. d4 d5 2. c4 dxc4 3. e3 Nf6 4. Nf3 e6 5. Bxc4 c5 6. 0-0 a6 7. b3 Nc6 8. Bb2 b5 9. Be2 Bb7 10. a4 bxa4 11. Rxa4 cxd4 12. Nxd4 Nxd4 13. Rxd4 Qb6 14. Nd2 Bd5 15. Bf3 Rb8 16. Bxd5 Nxd5 17. e4 Nf4 18. Nc4 Qc7 19. Rd2 Ng6 20. Qa1 f6 21. Qa4+ Rb5 22. Qxa6 Rh5 23. Qa4+ 1-0

[Event "Chalkidiki op-A 2nd"]
[Site "Kallithea"]
[Date "2006.04.30"]
[Round "8"]
[White "Ntiloudi, Despina"]
[Black "Andronis, Vasilios"]
[Result "1/2-1/2"]
[WhiteElo "1906"]
[BlackElo "2069"]
[PlyCount "47"]
[EventDate "2006.04.25"]
[EventType "swiss"]
[EventRounds "9"]
[EventCountry "GRE"]
[SourceTitle "CBM 112 Extra"]
[Source "ChessBase"]
[SourceDate "2006.07.14"]
[SourceVersion "1"]
[SourceVersionDate "2006.07.14"]
[SourceQuality "1"]

1. d4 d5 2. c4 dxc4 3. Nf3 Nf6 4. e3 e6 5. Bxc4 c5 6. 0-0 a6 7. Bb3 Nc6 8. Qe2 cxd4 9. Rd1 Be7 10. exd4 0-0 11. Nc3 Na5 12. Bc2 b5 13. Ne5 Bb7 14. Bg5 Rc8 15. Bxf6 Bxf6 16. Ne4 Bxe4 17. Bxe4 g6 18. b4 Nc4 19. Bb7 Rb8 20. Bxa6 Bxe5 21. Bxb5 Bxh2+ 22. Kxh2 Qd6+ 23. Kg1 Rxb5 24. Qxc4 1/2-1/2

[Event "GRE-ch U18 Girls"]
[Site "Athens"]
[Date "2006.01.09"]
[Round "7.3"]
[White "Ikonomopoulou, Maria"]
[Black "Ntiloudi, Despina"]
[Result "0-1"]
[WhiteElo "2013"]
[BlackElo "1889"]
[PlyCount "94"]
[EventDate "2006.01.03"]
[EventType "swiss"]
[EventRounds "7"]
[EventCountry "GRE"]
[SourceTitle "EXT 2024"]
[Source "ChessBase"]
[SourceDate "2023.10.10"]
[SourceVersion "1"]
[SourceVersionDate "2023.10.10"]
[SourceQuality "1"]

1. e4 c5 2. Nf3 d6 3. d4 cxd4 4. Nxd4 Nf6 5. Nc3 a6 6. Be3 e6 7. g4 h6 8. Bg2 Nbd7 9. h3 Qc7 10. Qe2 Rb8 11. f4 b5 12. 0-0 Nc5 13. e5 Nfd7 14. b4 Nb7 15. Nc6 Ra8 16. Nd5 exd5 17. exd6 Qxd6 18. f5 Be7 19. Bf4 Qxc6 20. Rae1 Qf6 21. Bxd5 Qd4+ 22. Rf2 0-0 23. Rd1 Qxb4 24. Bd2 Qc5 25. Be3 Qc7 26. Bf4 Qd8 27. Rf3 Qb6+ 28. Kh2 Bd6 29. Bxd6 Qxd6+ 30. Kg2 Qb6 31. Qe7 Qc5 32. Qe1 Nf6 33. Rc3 Qb6 34. Rc6 Qa7 35. Bf3 Re8 36. Qh4 Qe3 37. Rc7 Rb8 38. c4 Nc5 39. Qg3 Nce4 40. Qh4 bxc4 41. Rf1 Nd2 42. Rf2 Nxf3 43. Rxf3 Rb2+ 44. Rf2 Qe4+ 45. Kg1 Rb1+ 46. Rf1 Rxf1+ 47. Kxf1 Qf4+ 0-1

[Event "EU-ch U16 Girls"]
[Site "Herceg Novi"]
[Date "2005.09.22"]
[Round "8"]
[White "Kruljac, Petra"]
[Black "Ntiloudi, Despina"]
[Result "1-0"]
[WhiteElo "2017"]
[BlackElo "1885"]
[PlyCount "49"]
[EventDate "2005.09.14"]
[EventType "swiss"]
[EventRounds "9"]
[EventCountry "YUG"]
[SourceTitle "CBM 108 Extra"]
[Source "ChessBase"]
[SourceDate "2005.11.04"]
[SourceVersion "1"]
[SourceVersionDate "2005.11.04"]
[SourceQuality "1"]

1. d4 Nf6 2. c4 c5 3. d5 b5 4. cxb5 a6 5. bxa6 g6 6. Nc3 Bxa6 7. g3 d6 8. Bg2 Bg7 9. Nf3 Nbd7 10. 0-0 Nb6 11. Nh4 0-0 12. Qc2 Ra7 13. Rd1 c4 14. Be3 Rb7 15. Rab1 Nbd7 16. h3 Qa5 17. Nf3 Rbb8 18. Bd4 Bb7 19. e4 Nc5 20. Nd2 Ba6 21. Bf1 Nd3 22. Nxc4 Bxc4 23. Bxd3 Bxa2 24. Ra1 Nxd5 25. Rxa2 1-0

[Event "EU-ch U16 Girls"]
[Site "Herceg Novi"]
[Date "2005.09.21"]
[Round "7"]
[White "Ntiloudi, Despina"]
[Black "Stefanova, Milena"]
[Result "1/2-1/2"]
[WhiteElo "1885"]
[BlackElo "2022"]
[PlyCount "81"]
[EventDate "2005.09.14"]
[EventType "swiss"]
[EventRounds "9"]
[EventCountry "YUG"]
[SourceTitle "CBM 108 Extra"]
[Source "ChessBase"]
[SourceDate "2005.11.04"]
[SourceVersion "1"]
[SourceVersionDate "2005.11.04"]
[SourceQuality "1"]

1. d4 Nf6 2. c4 c5 3. d5 d6 4. Nc3 g6 5. e4 Bg7 6. f4 0-0 7. Nf3 e6 8. Be2 exd5 9. cxd5 a6 10. a4 Re8 11. e5 dxe5 12. fxe5 Ng4 13. Bg5 Qb6 14. 0-0 c4+ 15. Kh1 Nf2+ 16. Rxf2 Qxf2 17. Ne4 Qb6 18. Nd6 Rf8 19. Be7 Nd7 20. Nxc4 Qc7 21. Bd6 Qd8 22. Bxf8 Nxf8 23. Rc1 Bg4 24. Qd4 Bxf3 25. Bxf3 b5 26. axb5 axb5 27. Ne3 Qg5 28. h4 Qxe5 29. Qxe5 Bxe5 30. b3 Bf4 31. Re1 Ra3 32. Bd1 Bg3 33. Re2 Ra1 34. Rd2 Bf4 35. Nc2 Bxd2 36. Nxa1 Be1 37. h5 Nd7 38. hxg6 fxg6 39. Nc2 Bf2 40. Be2 Nb6 41. Bxb5 1/2-1/2

[Event "EU-ch U16 Girls"]
[Site "Herceg Novi"]
[Date "2005.09.20"]
[Round "6"]
[White "Congiu, Mathilde"]
[Black "Ntiloudi, Despina"]
[Result "1-0"]
[WhiteElo "2046"]
[BlackElo "1885"]
[PlyCount "59"]
[EventDate "2005.09.14"]
[EventType "swiss"]
[EventRounds "9"]
[EventCountry "YUG"]
[SourceTitle "CBM 108 Extra"]
[Source "ChessBase"]
[SourceDate "2005.11.04"]
[SourceVersion "1"]
[SourceVersionDate "2005.11.04"]
[SourceQuality "1"]

1. e4 c5 2. c3 d5 3. exd5 Qxd5 4. d4 Nf6 5. Nf3 e6 6. Be3 cxd4 7. cxd4 Bd7 8. Nc3 Qa5 9. a3 Bc6 10. Ne5 Bd6 11. b4 Qd8 12. Bd3 0-0 13. 0-0 a6 14. Rc1 Bd5 15. Bg5 Be7 16. Qc2 h6 17. Bxf6 Bxf6 18. Rfd1 Bg5 19. Rb1 Nd7 20. Nxd5 exd5 21. Bh7+ Kh8 22. Bf5 Nb6 23. Rb3 Be7 24. Rh3 Bf6 25. Qd2 Bg5 26. f4 Bf6 27. Bb1 g6 28. Qd3 Bxe5 29. Rxh6+ Kg8 30. dxe5 1-0

[Event "GRE-ch U14 Girls"]
[Site "Chania"]
[Date "2003.04.21"]
[Round "3"]
[White "Ikonomopoulou, Maria"]
[Black "Ntiloudi, Despina"]
[Result "1-0"]
[WhiteElo "1525"]
[BlackElo "1725"]
[PlyCount "51"]
[EventDate "2003.04.??"]
[EventType "swiss"]
[EventRounds "7"]
[EventCountry "GRE"]
[SourceTitle "EXT 2005"]
[Source "ChessBase"]
[SourceDate "2004.11.15"]
[SourceVersion "1"]
[SourceVersionDate "2004.11.15"]
[SourceQuality "1"]

1. e4 c5 2. Nf3 d6 3. d4 cxd4 4. Qxd4 Nc6 5. Bb5 Bd7 6. Bxc6 Bxc6 7. Nc3 Nf6 8. Bg5 e6 9. 0-0-0 Be7 10. Rhe1 0-0 11. Qd2 Rc8 12. Nd4 a6 13. f4 b5 14. Bxf6 Bxf6 15. Re3 e5 16. Nxc6 Rxc6 17. g3 Qa5 18. Kb1 exf4 19. gxf4 Qb4 20. a3 Qc4 21. Nd5 Rfc8 22. Nxf6+ gxf6 23. Qg2+ Kh8 24. Rc3 Qa4 25. Rg1 Qxa3 26. bxa3 1-0

[Event "GRE-ch U12 Girls"]
[Site "Greece"]
[Date "2001.04.10"]
[Round "5"]
[White "Polizou, Dionisia"]
[Black "Ntiloudi, Despina"]
[Result "1/2-1/2"]
[WhiteElo "1610"]
[BlackElo "1785"]
[PlyCount "83"]
[EventDate "2001.04.??"]
[EventType "swiss"]
[EventRounds "7"]
[EventCountry "GRE"]
[SourceTitle "EXT 2003"]
[Source "ChessBase"]
[SourceDate "2002.11.25"]
[SourceVersion "1"]
[SourceVersionDate "2002.11.25"]
[SourceQuality "1"]

1. d4 d5 2. Nf3 Nf6 3. Bf4 c5 4. e3 Qb6 5. Qc1 Nc6 6. c3 Bf5 7. Be2 e6 8. 0-0 Be7 9. h3 h6 10. Bd1 Na5 11. Nbd2 Ne4 12. Bc2 Nxd2 13. Nxd2 Bxc2 14. Qxc2 0-0 15. Nf3 Rac8 16. Qe2 Bd6 17. Bxd6 Qxd6 18. dxc5 Qc7 19. Nd2 Nc6 20. Nb3 Ne5 21. e4 dxe4 22. Qxe4 Nd7 23. Rab1 Rb8 24. Qe3 a6 25. Rfd1 Rfc8 26. Qf3 Nxc5 27. Nxc5 Qxc5 28. Rd7 Qf5 29. Qd3 Qxd3 30. Rxd3 Kf8 31. Rbd1 Ke8 32. Rg3 g6 33. Kf1 Rd8 34. Rgd3 Rxd3 35. Rxd3 Rd8 36. Ke2 Rxd3 37. Kxd3 Kd7 38. Ke4 f6 39. g3 Kc6 40. Kd4 Kd6 41. b4 b6 42. a4 1/2-1/2

[Event "GRE-ch U12 Girls"]
[Site "Greece"]
[Date "2001.04.09"]
[Round "4"]
[White "Ntiloudi, Despina"]
[Black "Oikonomopoulou, Maria"]
[Result "1-0"]
[WhiteElo "1785"]
[BlackElo "1565"]
[PlyCount "105"]
[EventDate "2001.04.??"]
[EventType "swiss"]
[EventRounds "7"]
[EventCountry "GRE"]
[SourceTitle "EXT 2003"]
[Source "ChessBase"]
[SourceDate "2002.11.25"]
[SourceVersion "1"]
[SourceVersionDate "2002.11.25"]
[SourceQuality "1"]

1. d4 d5 2. c4 dxc4 3. e3 e6 4. Bxc4 Nf6 5. Nf3 Nc6 6. Nc3 Bd6 7. 0-0 0-0 8. e4 e5 9. d5 Ne7 10. Bg5 Ng6 11. h3 h6 12. Bd2 Re8 13. Re1 Nh5 14. Ne2 Nh4 15. Nc3 Qf6 16. Nxh4 Qxh4 17. Nb5 Nf6 18. Nxd6 cxd6 19. Bd3 Qh5 20. Qc2 Qg6 21. Re3 Nh5 22. Rf3 Re7 23. Kf1 a6 24. Rc1 b5 25. Qc6 Bb7 26. Qb6 Nf4 27. Bxf4 exf4 28. Rc7 Rxc7 29. Qxc7 Bc8 30. Rxf4 b4 31. Qc6 Rb8 32. Qe8+ Kh7 33. Qxf7 Qxf7 34. Rxf7 a5 35. Rf8 h5 36. e5+ g6 37. exd6 Kg7 38. Re8 Rb6 39. Rxc8 Rxd6 40. Rc5 a4 41. Bxg6 Rxg6 42. Rc4 b3 43. Rxa4 bxa2 44. Rxa2 Rd6 45. Ra5 Kf6 46. Ke2 Ke5 47. Ke3 Rxd5 48. Rxd5+ Kxd5 49. Kf4 Ke6 50. Kg5 h4 51. Kxh4 Kf5 52. b4 Ke6 53. Kg5 1-0

[Event "GRE-ch U12 Girls"]
[Site "Greece"]
[Date "2001.04.08"]
[Round "2"]
[White "Giannopoulou, Kelly"]
[Black "Ntiloudi, Despina"]
[Result "0-1"]
[WhiteElo "1480"]
[BlackElo "1785"]
[PlyCount "118"]
[EventDate "2001.04.??"]
[EventType "swiss"]
[EventRounds "7"]
[EventCountry "GRE"]
[SourceTitle "EXT 2003"]
[Source "ChessBase"]
[SourceDate "2002.11.25"]
[SourceVersion "1"]
[SourceVersionDate "2002.11.25"]
[SourceQuality "1"]

1. e4 c5 2. Nc3 e6 3. f4 Nc6 4. Nf3 d5 5. d3 d4 6. Ne2 Nf6 7. b3 Be7 8. Bb2 Nb4 9. c3 dxc3 10. Nxc3 Nxd3+ 11. Qxd3 Qc7 12. g3 0-0 13. Bg2 Rd8 14. Qe2 Qb6 15. Qb5 Qxb5 16. Nxb5 Nxe4 17. 0-0 Bd7 18. Nc3 Nxc3 19. Bxc3 Bc6 20. Rad1 f6 21. Rfe1 Kf7 22. a3 h6 23. b4 Rac8 24. bxc5 Bxc5+ 25. Bd4 Bxf3 26. Bxf3 Rxd4 27. Rxd4 Bxd4+ 28. Kh1 Rc3 29. Bxb7 Rxa3 30. Rd1 Ra1 31. Rxa1 Bxa1 32. Kg2 Ke7 33. Kf3 Kd6 34. Ke4 f5+ 35. Kd3 a5 36. Ba6 a4 37. Bc4 e5 38. fxe5+ Kxe5 39. Ke3 a3 40. Bf7 Bb2 41. h3 Bc1+ 42. Kf3 f4 43. gxf4+ Bxf4 44. Kg4 Bg5 45. Kh5 Bf6 46. Kg6 Kd4 47. h4 Kc3 48. h5 Kb2 49. Kf5 a2 50. Bxa2 Kxa2 51. Ke4 Kb3 52. Kf5 Kc4 53. Ke4 Ba1 54. Kf4 Kd4 55. Kf5 Ke3 56. Kg4 Ke4 57. Kg3 Kf5 58. Kh4 Kf4 59. Kh3 Kg5 0-1

[Event "GRE-ch U12 Girls"]
[Site "Greece"]
[Date "2001.04.08"]
[Round "3"]
[White "Ntiloudi, Despina"]
[Black "Vourtsa, Georgia"]
[Result "1/2-1/2"]
[WhiteElo "1785"]
[BlackElo "1550"]
[PlyCount "45"]
[EventDate "2001.04.??"]
[EventType "swiss"]
[EventRounds "7"]
[EventCountry "GRE"]
[SourceTitle "EXT 2003"]
[Source "ChessBase"]
[SourceDate "2002.11.25"]
[SourceVersion "1"]
[SourceVersionDate "2002.11.25"]
[SourceQuality "1"]

1. e4 e5 2. Nf3 Nf6 3. d4 Nxe4 4. Bd3 d5 5. Nxe5 Nd7 6. Nxd7 Bxd7 7. 0-0 Bd6 8. c4 c6 9. Nc3 Nxc3 10. bxc3 dxc4 11. Bxc4 0-0 12. Qb3 Qc7 13. g3 Bh3 14. Re1 Rfe8 15. Rxe8+ Rxe8 16. Bd2 b5 17. Bd3 Qe7 18. Qc2 g6 19. Be3 Qf6 20. Bf1 Bxf1 21. Rxf1 Qf3 22. Qd1 Qxd1 23. Rxd1 1/2-1/2